Tercera generación de I+D (Registro nro. 2826)

Detalles MARC
000 -LEADER
fixed length control field 01390 a2200253 4500
001 - CONTROL NUMBER
control field 37878
005 - DATE AND TIME OF LATEST TRANSACTION
control field 20260407155645.0
008 - FIXED-LENGTH DATA ELEMENTS--GENERAL INFORMATION
fixed length control field 260407a1991 arg spa d
003 - CONTROL NUMBER IDENTIFIER
control field AR-UNSa-BCEJYS
040 ## - CATALOGING SOURCE
Original cataloging agency AR-UNSa-BCEJYS
Language of cataloging spa
Transcribing agency AR-UNSa-BCEJYS
080 ## - UNIVERSAL DECIMAL CLASSIFICATION NUMBER
Universal Decimal Classification number 658.012.2
Common auxiliary subdivision Planificación. Programas. Planes. Medidas de apoyo a la planificación( Administración estratégica...)
020 ## - INTERNATIONAL STANDARD BOOK NUMBER
International Standard Book Number 84-7615-782-7
100 1# - MAIN ENTRY--PERSONAL NAME
Personal name Roussel, Philip A.
245 10 - TITLE STATEMENT
Title Tercera generación de I+D
Name of part/section of a work su integración en la estrategia de negocio
264 #1 - PRODUCTION, PUBLICATION, DISTRIBUTION, MANUFACTURE, AND COPYRIGHT NOTICE
Place of production, publication, distribution, manufacture Madrid :
Name of producer, publisher, distributor, manufacturer McGraw-Hill
Date of production, publication, distribution, manufacture, or copyright notice 1991
300 ## - PHYSICAL DESCRIPTION
Extent 188 p.
Dimensions 24 cm.
505 ## - FORMATTED CONTENTS NOTE
Formatted contents note 1. La integración en la estrategia de negocio - 2. ¿ Que son: Tecnología, investigación, desarrollo? - 3. Una introducción a la gestión eficaz de I+D - 4. Alta dirección e I+D, anexo: tecnología, madurez e impacto competitivo - 5. Evaluación de riesgos y beneficios, anexo: Posición tecnológica competitiva - 6. La cartera de I+D - 7. Enfocar la organización de I+D hacia resultados - 8. Más allá de la gestión del proyecto - 9. Cómo obtener el máximo rendimiento del personal: Ruptura del aislamiento de I+D - 10. La empresa de tercera generación
590 ## - LOCAL NOTE (RLIN)
Local note niveau_biblio:m niveau_hierar:0
700 1# - ADDED ENTRY--PERSONAL NAME
Personal name Saad, Kamal N.
700 1# - ADDED ENTRY--PERSONAL NAME
Personal name Ortiz Chaparro, Francisco
700 1# - ADDED ENTRY--PERSONAL NAME
Personal name Erickson, Tamara J.
700 1# - ADDED ENTRY--PERSONAL NAME
Personal name Söntgerath, Veronika
942 ## - ADDED ENTRY ELEMENTS (KOHA)
Koha item type
Existencias
Withdrawn status Lost status Damaged status Not for loan Home library Current library Shelving location Date acquired Total checkouts Full call number Barcode Date last seen Price effective from Koha item type
        Biblioteca Prof. Eusebio Cleto del Rey Biblioteca Prof. Eusebio Cleto del Rey   07/04/2026   658.012.2 R864 L58664 07/04/2026 07/04/2026 Libro